[Event "4NCL Online Division 5"]
[Site "online"]
[Date "2020.04.28"]
[Round "4.232"]
[White "Holland, Nicolas"]
[Black "Gibson, Stephen"]
[Result "0-1"]
[WhiteElo "1225"]
[BlackElo "1510"]
[PlyCount "60"]
[EventDate "2020.04.28"]
[WhiteTeam "Watford Juniors B"]
[BlackTeam "Sheffield Deaf"]

1. e4 e6 2. Nf3 a6 3. Nc3 b5 4. d4 c5 5. dxc5 Bxc5 6. Bd3 Bb7 7. O-O Nf6 8. Bf4
O-O 9. Ne5 d6 10. Nf3 h6 11. Qe2 Ng4 12. Nh4 Nxf2 13. Rxf2 Qxh4 14. Bg3 Bxf2+
15. Bxf2 Qe7 16. e5 dxe5 17. Qxe5 Qg5 18. Bg3 Qxe5 19. Bxe5 Nd7 20. Bd6 Rfc8
21. Ne4 Bxe4 22. Bxe4 Ra7 23. Rd1 Nf6 24. Bc6 Rxc6 25. Be5 Rd7 26. Rf1 Ng4 27.
Bb8 Rxc2 28. Bf4 Rxb2 29. Ra1 e5 30. Bc1 Rd1# 0-1

[Event "4NCL Online Division 5"]
[Site "online"]
[Date "2020.04.28"]
[Round "4.233"]
[White "Litherland, Reuben"]
[Black "Demyan, Leo"]
[Result "0-1"]
[WhiteElo "1375"]
[BlackElo "1165"]
[PlyCount "62"]
[EventDate "2020.04.28"]
[WhiteTeam "Sheffield Deaf"]
[BlackTeam "Watford Juniors B"]

1. c4 f5 2. d4 Nf6 3. Nc3 b6 4. b3 e6 5. Nf3 Bb4 6. Bd2 Bxc3 7. Bxc3 Bb7 8. d5
exd5 9. e3 dxc4 10. Bxc4 d5 11. Bd3 Qd7 12. O-O g6 13. Bxf6 Rf8 14. Bd4 c5 15.
Bc3 Nc6 16. Be5 d4 17. exd4 cxd4 18. Qe1 Rf7 19. Bh8+ Re7 20. Ne5 Nxe5 21. Bxe5
Qd5 22. f3 Rxe5 23. Bc4 Qc5 24. Qg3 d3+ 25. Kh1 Qd4 26. Rae1 f4 27. Qh4 g5 28.
Qxh7 O-O-O 29. Be6+ Kb8 30. Qg7 Rxe1 31. Rxe1 Qxg7 0-1

[Event "4NCL Online Division 5"]
[Site "online"]
[Date "2020.04.28"]
[Round "4.234"]
[White "Keerthi Kumar, Advait"]
[Black "Cooper, Darci"]
[Result "1-0"]
[WhiteElo "1075"]
[BlackElo "1375"]
[PlyCount "103"]
[EventDate "2020.04.28"]
[WhiteTeam "Watford Juniors B"]
[BlackTeam "Sheffield Deaf"]

1. e4 e5 2. Nf3 f6 3. Be2 d5 4. exd5 e4 5. Nd4 Ne7 6. O-O Nxd5 7. Nc3 Nb6 8. d3
f5 9. dxe4 fxe4 10. Re1 Bb4 11. Bd2 O-O 12. Nb3 Bxc3 13. Bxc3 Qxd1 14. Raxd1
Nc6 15. Nc5 Bf5 16. a4 a5 17. Nxb7 Nxa4 18. Bd4 Nxd4 19. Rxd4 Nxb2 20. Rb1 c5
21. Nxc5 Rab8 22. Nxe4 Rfe8 23. Bf3 a4 24. Nd6 Red8 25. Nxf5 Rxd4 26. Nxd4 a3
27. Bd5+ Kf8 28. Ne6+ Ke7 29. Nxg7 Kd6 30. Ba2 Rb7 31. Nf5+ Ke5 32. Ne3 Kd4 33.
Nc4 Re7 34. Nxb2 axb2 35. h3 Kc3 36. Bb3 Re5 37. f4 Re4 38. g3 Re3 39. Kf2 Re8
40. g4 Rf8 41. f5 h6 42. Kg3 Rf6 43. Kf4 Rf8 44. h4 Rf6 45. g5 hxg5+ 46. hxg5
Rf8 47. g6 Rb8 48. g7 Rb4+ 49. Kg5 Rb7 50. g8=Q Rb5 51. Qc4+ Kd2 52. Qd3# 1-0

[Event "4NCL Online Division 5"]
[Site "online"]
[Date "2020.04.28"]
[Round "4.241"]
[White "Parsons, Robert"]
[Black "Eccleston, Bryony"]
[Result "1-0"]
[WhiteElo "1720"]
[BlackElo "1330"]
[PlyCount "115"]
[EventDate "2020.04.28"]
[WhiteTeam "Hatch End B"]
[BlackTeam "Manchester Juniors C"]

1. e4 e6 2. d4 d5 3. exd5 exd5 4. Nf3 Bd6 5. Bd3 c6 6. h3 Nf6 7. O-O O-O 8. Bg5
h6 9. Bd2 Nbd7 10. c3 Nb6 11. Qc2 Nc4 12. b3 Nxd2 13. Nbxd2 Qc7 14. Rfe1 Bd7
15. Nf1 Rfe8 16. Ne3 Re7 17. Nf5 Rxe1+ 18. Rxe1 Re8 19. Rxe8+ Bxe8 20. Nxd6
Qxd6 21. Ne5 Bd7 22. b4 Kf8 23. a4 Ne8 24. a5 f6 25. Ng6+ Kf7 26. h4 Nc7 27.
Qe2 Ne6 28. g3 Nc7 29. Nf4 f5 30. Qh5+ Ke7 31. Bxf5 Bxf5 32. Qxf5 Qf6 33. Ng6+
Kf7 34. Ne5+ Ke7 35. Qd7+ Kf8 36. Qxc7 Kg8 37. Qxb7 Kh7 38. Qxc6 Qxc6 39. Nxc6
a6 40. Nb8 Kg6 41. Nxa6 Kf5 42. Nc7 Ke4 43. a6 Kd3 44. a7 Kxc3 45. a8=Q Kxd4
46. Qxd5+ Kc3 47. Qc5+ Kb3 48. Nb5 Ka4 49. Nc3+ Kb3 50. b5 Kc2 51. b6 Kb3 52.
b7 Kc2 53. b8=Q Kd2 54. Qbd6+ Kc2 55. Ne2+ Kb2 56. Qdd4+ Kb1 57. Qc1+ Ka2 58.
Qa4# 1-0

[Event "4NCL Online Division 5"]
[Site "online"]
[Date "2020.04.28"]
[Round "4.242"]
[White "Seet, Joshua"]
[Black "Barry, Brendan"]
[Result "1-0"]
[WhiteElo "1232"]
[BlackElo "1315"]
[PlyCount "61"]
[EventDate "2020.04.28"]
[WhiteTeam "Manchester Juniors C"]
[BlackTeam "Hatch End B"]

1. d4 d5 2. c4 e6 3. Nc3 Nf6 4. Bg5 h6 5. Bh4 Bd6 6. Nf3 O-O 7. e3 a6 8. Be2 b5
9. cxd5 exd5 10. Nxd5 Nxd5 11. Bxd8 Rxd8 12. O-O Nc6 13. e4 Nf4 14. d5 Nxe2+
15. Qxe2 Ne5 16. Nxe5 Bxe5 17. f4 Bd4+ 18. Kh1 c5 19. a4 b4 20. Qc4 a5 21. e5
Ba6 22. Qb3 Bxf1 23. Rxf1 Rac8 24. e6 c4 25. exf7+ Kf8 26. Qc2 Kxf7 27. f5 b3
28. Qd2 c3 29. bxc3 Rxc3 30. Qxd4 Rc2 31. d6 1-0

[Event "4NCL Online Division 5"]
[Site "online"]
[Date "2020.04.28"]
[Round "4.243"]
[White "Gill, Veer"]
[Black "Eccleston, Rowan"]
[Result "0-1"]
[WhiteElo "1285"]
[BlackElo "1120"]
[PlyCount "86"]
[EventDate "2020.04.28"]
[WhiteTeam "Hatch End B"]
[BlackTeam "Manchester Juniors C"]

1. e4 e6 2. d4 d5 3. Nc3 Nf6 4. Bg5 h6 5. Bh4 g5 6. Bg3 dxe4 7. Nb5 Na6 8. f3
c6 9. Nc3 Bb4 10. a3 Bxc3+ 11. bxc3 Nc7 12. fxe4 Nxe4 13. Qf3 Nxg3 14. Qxg3 Nd5
15. c4 Qa5+ 16. Kf2 Nc3 17. Nf3 Ne4+ 18. Ke3 Nxg3 19. hxg3 Qc3+ 20. Bd3 b6 21.
Nxg5 c5 22. d5 Qd4+ 23. Ke2 Qg4+ 24. Nf3 Qxg3 25. Rhg1 exd5 26. cxd5 Bg4 27.
Rad1 Bxf3+ 28. gxf3 Qe5+ 29. Be4 O-O-O 30. Ke3 Qc3+ 31. Rd3 Qxc2 32. d6 Rhg8
33. Rxg8 Rxg8 34. Bf5+ Kd8 35. d7 Rg2 36. Kf4 Qc4+ 37. Be4 Qc1+ 38. Ke5 Qb2+
39. Kf4 Qf6+ 40. Bf5 Qg5+ 41. Ke5 Re2+ 42. Kd6 Qxf5 43. Rd5 Re6# 0-1

[Event "4NCL Online Division 5"]
[Site "online"]
[Date "2020.04.28"]
[Round "4.244"]
[White "Nagai, Ken Stephen"]
[Black "Shah, Ashok"]
[Result "0-1"]
[WhiteElo "1135"]
[BlackElo "1187"]
[PlyCount "56"]
[EventDate "2020.04.28"]
[WhiteTeam "Manchester Juniors C"]
[BlackTeam "Hatch End B"]

1. e4 e5 2. Nf3 Nc6 3. Bc4 Nf6 4. Nc3 a6 5. d3 b5 6. Bb3 Bb4 7. a3 Ba5 8. O-O
d6 9. h3 Nd4 10. Bg5 h6 11. Bh4 g5 12. Bg3 g4 13. hxg4 Bxg4 14. Bxf7+ Kxf7 15.
Nb1 Nh5 16. b4 Bb6 17. c3 Nxg3 18. fxg3 Nxf3+ 19. Kh1 Be3 20. gxf3 Qf6 21. fxg4
Bf4 22. gxf4 Qh4+ 23. Kg1 Qxg4+ 24. Kh1 Qh3+ 25. Kg1 Rhg8+ 26. Kf2 Rg2+ 27. Ke1
Qg3+ 28. Rf2 Qxf2# 0-1

[Event "4NCL Online Division 5"]
[Site "online"]
[Date "2020.04.28"]
[Round "4.251"]
[White "Liu, Jason"]
[Black "Brewis, Alan"]
[Result "1-0"]
[WhiteElo "1000"]
[BlackElo "1375"]
[PlyCount "107"]
[EventDate "2020.04.28"]
[WhiteTeam "BBC Penguins"]
[BlackTeam "Broken Herts 3"]

1. e4 d6 2. Nc3 e5 3. Nf3 Nf6 4. h3 Be7 5. Bc4 O-O 6. d3 c6 7. Bg5 b5 8. Bxf6
Bxf6 9. Nxb5 cxb5 10. Bd5 Nc6 11. Bxc6 Rb8 12. Bd5 Qa5+ 13. Qd2 Qb6 14. O-O Bb7
15. Bxb7 Rxb7 16. Rfe1 a5 17. c3 Rc8 18. Qe3 Qa6 19. Rad1 Bd8 20. d4 f6 21.
dxe5 dxe5 22. Qd3 Be7 23. Nh4 Qb6 24. Qg3 Bf8 25. Nf5 Rd8 26. Ne3 Rbd7 27. Rxd7
Rxd7 28. Nd5 Qe6 29. Rd1 Kf7 30. Qg4 Qxg4 31. hxg4 Bc5 32. Kf1 Ke6 33. f3 Be7
34. f4 Kf7 35. f5 h6 36. Ke2 Rd6 37. Nxe7 Kxe7 38. Rxd6 Kxd6 39. b4 axb4 40.
cxb4 Kc7 41. Ke3 Kd6 42. Kf3 Ke7 43. Kg3 Kf7 44. Kh4 g6 45. Kg3 g5 46. Kf3 Ke7
47. Ke3 Kd6 48. Kd3 Kc6 49. Kc3 Kb6 50. Kb3 Kc6 51. a4 Kb6 52. axb5 Kxb5 53.
Kc3 Ka4 54. Kc4 1-0

[Event "4NCL Online Division 5"]
[Site "online"]
[Date "2020.04.28"]
[Round "4.252"]
[White "Gilmour, Ian"]
[Black "Liu, Benjamin"]
[Result "1-0"]
[WhiteElo "1397"]
[BlackElo "700"]
[PlyCount "61"]
[EventDate "2020.04.28"]
[WhiteTeam "Broken Herts 3"]
[BlackTeam "BBC Penguins"]

1. d4 Nf6 2. Bf4 g6 3. Nc3 Bg7 4. e4 d6 5. Qd2 O-O 6. Be2 Nc6 7. O-O-O e5 8. d5
Ne7 9. Bh6 Nd7 10. Bxg7 Kxg7 11. Nf3 Nc5 12. h4 Bg4 13. Ng5 Bxe2 14. Qxe2 h5
15. g4 Rh8 16. gxh5 Rxh5 17. Rdg1 Kf8 18. Qf3 Qe8 19. Ne6+ Nxe6 20. dxe6 f5 21.
exf5 gxf5 22. Nd5 Nxd5 23. Qxd5 Rb8 24. e7+ Kxe7 25. Rg7+ Kf6 26. Rhg1 Rh6 27.
Rg8 Qxg8 28. Rxg8 Rxg8 29. Qxg8 Rxh4 30. Qd8+ Ke6 31. Qxh4 1-0

[Event "4NCL Online Division 5"]
[Site "online"]
[Date "2020.04.28"]
[Round "4.253"]
[White "Bell, Euan"]
[Black "Dometakis, Lakis"]
[Result "0-1"]
[WhiteElo "700"]
[BlackElo "1315"]
[PlyCount "44"]
[EventDate "2020.04.28"]
[WhiteTeam "BBC Penguins"]
[BlackTeam "Broken Herts 3"]

1. Nc3 e6 2. b3 Nf6 3. Bb2 d5 4. Nf3 Nc6 5. g3 e5 6. Bg2 Be6 7. d3 Bd6 8. O-O
h5 9. a4 Bg4 10. Ba3 Bxa3 11. Rxa3 Qd7 12. Ng5 O-O-O 13. f3 Be6 14. Bh3 Bxh3
15. Nxh3 Qxh3 16. f4 Ng4 17. Rf2 Nxf2 18. Kxf2 Qxh2+ 19. Ke3 d4+ 20. Ke4 dxc3
21. Ke3 Qxg3+ 22. Ke4 Qxf4# 0-1

[Event "4NCL Online Division 5"]
[Site "online"]
[Date "2020.04.28"]
[Round "4.254"]
[White "Berkhout, Theo"]
[Black "Florczak, Adam"]
[Result "1/2-1/2"]
[WhiteElo "1067"]
[BlackElo "700"]
[PlyCount "128"]
[EventDate "2020.04.28"]
[WhiteTeam "Broken Herts 3"]
[BlackTeam "BBC Penguins"]

1. c4 e5 2. Nc3 Nf6 3. e3 Bb4 4. Nf3 Nc6 5. d4 exd4 6. exd4 Bxc3+ 7. bxc3 O-O
8. Ba3 Re8+ 9. Be2 d6 10. O-O Ne4 11. Qd3 Qf6 12. Rab1 Qg6 13. g3 Bh3 14. Rfe1
Bg4 15. c5 Bxf3 16. Bxf3 d5 17. Rxb7 Ng5 18. Qxg6 Rxe1+ 19. Kg2 hxg6 20. Rxc7
Ne7 21. c6 Nxf3 22. Bxe7 Nd2 23. Rd7 Nc4 24. c7 Nb6 25. Rd8+ Kh7 26. Rxa8 Rxe7
27. Rxa7 Re8 28. a4 g5 29. a5 Nc4 30. a6 Rc8 31. Rb7 Nd6 32. Ra7 Nb5 33. Rb7
Nxc7 34. a7 Na8 35. Rxf7 Rxc3 36. Rf8 Nb6 37. a8=Q Nxa8 38. Rxa8 Rd3 39. Rd8
Rxd4 40. f3 Rd2+ 41. Kh3 d4 42. f4 gxf4 43. gxf4 Rd3+ 44. Kg2 Kg6 45. Rd5 Kf6
46. Kf2 Ke6 47. Rg5 Kf6 48. Rd5 Rd2+ 49. Kg1 d3 50. h3 Ke6 51. Re5+ Kf6 52. h4
Rc2 53. Kf1 d2 54. Ke2 d1=Q+ 55. Kxd1 Rh2 56. h5 g6 57. hxg6 Kxg6 58. f5+ Kf6
59. Ra5 Rh1+ 60. Ke2 Rh2+ 61. Ke3 Rh4 62. Kf3 Rb4 63. Ke3 Rh4 64. Rd5 Rb4
1/2-1/2

[Event "4NCL Online Division 5"]
[Site "online"]
[Date "2020.05.05"]
[Round "5.11"]
[White "Bailey, Adrian"]
[Black "Cheal, Barry A"]
[Result "0-1"]
[WhiteElo "1772"]
[BlackElo "2193"]
[PlyCount "106"]
[EventDate "2020.05.05"]
[WhiteTeam "Wirral League Wanderers"]
[BlackTeam "Hertford"]

1. Nf3 d5 2. d4 Nf6 3. c4 c6 4. Nc3 g6 5. Bf4 Bg7 6. e3 O-O 7. Bd3 Nbd7 8. O-O
dxc4 9. Bxc4 b6 10. Rc1 Bb7 11. e4 Nh5 12. Bg5 h6 13. Bh4 g5 14. Nxg5 hxg5 15.
Bxg5 Nhf6 16. e5 Nd5 17. Ne4 f6 18. exf6 N7xf6 19. Nxf6+ exf6 20. Bh4 Qd7 21.
Rc3 a5 22. Rg3 Ba6 23. Bxa6 Rxa6 24. Qd3 Ra7 25. Qg6 Qf7 26. Qf5 Re8 27. Rh3
Qe6 28. Qb1 Qe4 29. Bg3 Qxb1 30. Rxb1 Re4 31. Rh4 Rae7 32. f3 Rxh4 33. Bxh4 Kf7
34. Be1 Bh6 35. Kf1 Ne3+ 36. Kf2 Nf5 37. g4 Nxd4 38. Bc3 Ne2 39. Re1 Nxc3 40.
Rxe7+ Kxe7 41. bxc3 Ke6 42. Ke2 Ke5 43. h4 Kf4 44. Kf2 Bf8 45. h5 Bh6 46. Ke2
Kg3 47. c4 b5 48. cxb5 cxb5 49. Kd3 Kxf3 50. Kd4 Kxg4 51. Kc5 b4 52. Kb5 Kxh5
53. Kxa5 Bf8 0-1

[Event "4NCL Online Division 5"]
[Site "online"]
[Date "2020.05.05"]
[Round "5.12"]
[White "Judkins, Brian D"]
[Black "Beckett, Phill"]
[Result "1/2-1/2"]
[WhiteElo "1697"]
[BlackElo "1720"]
[PlyCount "73"]
[EventDate "2020.05.05"]
[WhiteTeam "Hertford"]
[BlackTeam "Wirral League Wanderers"]

1. e4 e5 2. Nf3 Nc6 3. d4 exd4 4. c3 d5 5. exd5 Qxd5 6. cxd4 Bg4 7. Be2 Bb4+ 8.
Nc3 Bxf3 9. Bxf3 Qc4 10. Bxc6+ Qxc6 11. O-O Ne7 12. Qb3 Bd6 13. Re1 O-O 14. Nb5
Nd5 15. Nxd6 Qxd6 16. Bd2 b6 17. Rac1 Rfe8 18. h3 a5 19. a3 Qd7 20. Qd3 Rxe1+
21. Rxe1 Re8 22. Rxe8+ Qxe8 23. Qf3 c6 24. Qd3 Qd7 25. Kf1 g6 26. Qf3 Kg7 27.
Qd3 f6 28. Be3 Nxe3+ 29. Qxe3 Qd6 30. Qe4 Kf7 31. f4 Qe6 32. Qd3 b5 33. Kf2 Qd6
34. Qe3 Qe6 35. Qd3 Qd6 36. Qe3 Qe6 37. Qd3 1/2-1/2

[Event "4NCL Online Division 5"]
[Site "online"]
[Date "2020.05.05"]
[Round "5.13"]
[White "Ray, Hiya"]
[Black "Wooster, Nick"]
[Result "1-0"]
[WhiteElo "1586"]
[BlackElo "1690"]
[PlyCount "81"]
[EventDate "2020.05.05"]
[WhiteTeam "Wirral League Wanderers"]
[BlackTeam "Hertford"]

1. d4 d5 2. Nf3 Nf6 3. c4 e6 4. g3 Be7 5. Bg2 O-O 6. O-O c6 7. Nbd2 h6 8. Qc2
b6 9. b3 Bb7 10. Bb2 Nbd7 11. e4 dxe4 12. Nxe4 Nxe4 13. Qxe4 Nf6 14. Qe2 Qc7
15. Rad1 Rad8 16. Ne5 Nd7 17. f4 Nxe5 18. fxe5 c5 19. d5 exd5 20. cxd5 Qc8 21.
d6 Ba6 22. Qf3 Bxd6 23. exd6 Bxf1 24. Bxf1 Qe6 25. Bc4 Qg6 26. d7 h5 27. Qc3 h4
28. Kg2 hxg3 29. hxg3 Qc6+ 30. Kf2 Qg6 31. Bd3 Qg4 32. Bb1 f6 33. Qe3 Rxd7 34.
Rh1 Rfd8 35. Bc3 Rd5 36. Bh7+ Kf7 37. Re1 Qd7 38. Qe4 Qd6 39. Bg6+ Kf8 40. Qe8+
Rxe8 41. Rxe8# 1-0

[Event "4NCL Online Division 5"]
[Site "online"]
[Date "2020.05.05"]
[Round "5.14"]
[White "Marshall, Duncan"]
[Black "Sainbayar, Anuurai"]
[Result "0-1"]
[WhiteElo "1652"]
[BlackElo "1584"]
[PlyCount "62"]
[EventDate "2020.05.05"]
[WhiteTeam "Hertford"]
[BlackTeam "Wirral League Wanderers"]

1. d4 b5 2. e4 Bb7 3. Bd3 e6 4. f4 f5 5. Nd2 Nf6 6. Qe2 fxe4 7. Nxe4 Nc6 8. Nf3
Nb4 9. Nxf6+ Qxf6 10. Be4 Bxe4 11. Qxe4 Nd5 12. O-O Bd6 13. Ne5 Qf5 14. Qxf5
exf5 15. Re1 O-O-O 16. Nf7 Rde8 17. Nxd6+ cxd6 18. Bd2 Re4 19. Rxe4 fxe4 20. g3
Kb7 21. a4 a6 22. axb5 axb5 23. Ra3 Rc8 24. c3 b4 25. Rb3 Ka6 26. cxb4 Rc2 27.
b5+ Kb6 28. Be3 Re2 29. Bf2 e3 30. Kf1 Rxf2+ 31. Ke1 Rxh2 0-1

[Event "4NCL Online Division 5"]
[Site "online"]
[Date "2020.05.05"]
[Round "5.21"]
[White "Fruchtenicht, Eggert"]
[Black "Hilton, Tim"]
[Result "0-1"]
[WhiteElo "1832"]
[BlackElo "1885"]
[PlyCount "38"]
[EventDate "2020.05.05"]
[WhiteTeam "Maryport Assassins B"]
[BlackTeam "Bolton & Worsley"]

1. e4 e5 2. Nf3 Nc6 3. Bc4 Nf6 4. d3 Bc5 5. O-O d6 6. h3 a6 7. a3 O-O 8. Bg5 h6
9. Bh4 g5 10. Nxg5 hxg5 11. Bxg5 Nd4 12. Kh2 Ne6 13. Bh4 Nf4 14. b4 Ba7 15. Qf3
Kg7 16. Qg3+ Ng6 17. f4 Ng4+ 18. hxg4 Rh8 19. f5 Rxh4+ 0-1

[Event "4NCL Online Division 5"]
[Site "online"]
[Date "2020.05.05"]
[Round "5.22"]
[White "Doherty, Paul"]
[Black "Sharkey, Gary"]
[Result "1-0"]
[WhiteElo "1738"]
[BlackElo "1765"]
[PlyCount "57"]
[EventDate "2020.05.05"]
[WhiteTeam "Bolton & Worsley"]
[BlackTeam "Maryport Assassins B"]

1. d4 Nf6 2. c4 c5 3. d5 b5 4. f3 d6 5. e4 g6 6. Bd3 Bg7 7. Ne2 O-O 8. O-O bxc4
9. Bc2 Nbd7 10. f4 Nb6 11. Nbc3 Bg4 12. h3 Bxe2 13. Qxe2 Nh5 14. Qf3 e6 15. g4
Bd4+ 16. Kh1 Ng7 17. Be3 f5 18. Rad1 fxg4 19. Qxg4 Bxe3 20. dxe6 d5 21. Nxd5
Nxd5 22. Rxd5 Qe7 23. Rd7 Qxe6 24. Rxg7+ Kxg7 25. Qxe6 Rab8 26. f5 Bd4 27. f6+
Bxf6 28. e5 Rxb2 29. exf6+ 1-0

[Event "4NCL Online Division 5"]
[Site "online"]
[Date "2020.05.05"]
[Round "5.23"]
[White "Tyson, Terry"]
[Black "Lamb, Ian"]
[Result "1/2-1/2"]
[WhiteElo "1667"]
[BlackElo "1568"]
[PlyCount "123"]
[EventDate "2020.05.05"]
[WhiteTeam "Maryport Assassins B"]
[BlackTeam "Bolton & Worsley"]

1. e4 e6 2. d4 d5 3. Nd2 Nf6 4. e5 Nfd7 5. f4 c5 6. Ndf3 Nc6 7. c3 Qb6 8. Ne2
f6 9. exf6 Nxf6 10. Ne5 Be7 11. Nxc6 bxc6 12. Qc2 Ne4 13. Be3 a5 14. dxc5 Bxc5
15. Nd4 O-O 16. Bd3 Bxd4 17. cxd4 Ba6 18. O-O Bxd3 19. Qxd3 Qxb2 20. Rfb1 Qc3
21. Qe2 Rfb8 22. Rc1 Rb2 23. Rxc3 Rxe2 24. Rb3 Rc2 25. a4 c5 26. dxc5 Nxc5 27.
Bxc5 Rxc5 28. Re1 Kf7 29. g4 Rd8 30. Re5 Rd7 31. f5 Rc6 32. Rf3 exf5 33. Rfxf5+
Rf6 34. Rxd5 Rxd5 35. Rxd5 Rf4 36. Rxa5 Rxg4+ 37. Kf2 Rb4 38. Ra6 Rb2+ 39. Kg3
Ra2 40. a5 Ra4 41. Ra8 Kg6 42. h4 Kh6 43. Ra7 g5 44. Ra6+ Kh5 45. hxg5 Kxg5 46.
Ra7 h5 47. a6 h4+ 48. Kg2 Kg4 49. Rg7+ Kf5 50. a7 Kf6 51. Rh7 Ke6 52. Kh3 Kd6
53. Rxh4 Rxa7 54. Rh6+ Kd5 55. Kg4 Ra4+ 56. Kf5 Ra1 57. Rh5 Rf1+ 58. Kg6+ Ke6
59. Rg5 Rf6+ 60. Kh5 Rf5 61. Kg4 Rxg5+ 62. Kxg5 1/2-1/2

[Event "4NCL Online Division 5"]
[Site "online"]
[Date "2020.05.05"]
[Round "5.24"]
[White "Busznyak, Arpad"]
[Black "Bowler, Tim"]
[Result "1/2-1/2"]
[WhiteElo "1570"]
[BlackElo "1577"]
[PlyCount "174"]
[EventDate "2020.05.05"]
[WhiteTeam "Bolton & Worsley"]
[BlackTeam "Maryport Assassins B"]

1. d4 Nf6 2. Bg5 c6 3. Nc3 d6 4. e4 Nbd7 5. f4 e5 6. Qd2 Qb6 7. O-O-O exd4 8.
Qxd4 Qxd4 9. Rxd4 Ng4 10. Nf3 b5 11. Be2 Ne3 12. g3 h6 13. Bh4 Ng2 14. Rd2 Nxh4
15. Nxh4 Bb7 16. Nf5 b4 17. Nd1 d5 18. exd5 cxd5 19. Re1 O-O-O 20. Bf3 Nb6 21.
Nde3 g6 22. Nd4 Nc4 23. Nxc4 dxc4 24. Bxb7+ Kxb7 25. c3 Bg7 26. Re7+ Kb6 27.
Rxf7 Bxd4 28. cxd4 Rd6 29. Re7 Rc8 30. Kc2 a5 31. d5 a4 32. Re6 b3+ 33. axb3
cxb3+ 34. Kd1 Kc5 35. Rxd6 Kxd6 36. Ke2 Re8+ 37. Kf3 Ra8 38. Ke4 a3 39. bxa3
Rxa3 40. Kd4 Ra2 41. Rd3 Rxh2 42. Rxb3 Rd2+ 43. Ke4 Re2+ 44. Kf3 Rd2 45. Rb6+
Kxd5 46. Rxg6 Rh2 47. Kg4 Ke4 48. Re6+ Kd5 49. Kf5 Rh5+ 50. Kf6 Rh3 51. Re5+
Kd6 52. g4 Rg3 53. Re6+ Kd7 54. Kf5 Rxg4 55. Rxh6 Rg1 56. Kf6 Rf1 57. f5 Rf2
58. Rh5 Ke8 59. Ke6 Re2+ 60. Kf6 Rf2 61. Rh7 Rf1 62. Re7+ Kf8 63. Re5 Rf2 64.
Ke6 Rf1 65. Rc5 Re1+ 66. Kf6 Kg8 67. Rc7 Rf1 68. Rc8+ Kh7 69. Rc7+ Kg8 70. Rg7+
Kf8 71. Rg5 Rf2 72. Kg6 Rf1 73. f6 Rf2 74. Rh5 Rg2+ 75. Kf5 Rf2+ 76. Ke6 Re2+
77. Re5 Rxe5+ 78. Kxe5 Kf7 79. Kf5 Kf8 80. Kg6 Kg8 81. Kh6 Kf7 82. Kg5 Kf8 83.
Kg6 Kg8 84. Kg5 Kf8 85. Kf5 Kf7 86. Ke5 Kf8 87. Ke6 Ke8 1/2-1/2

[Event "4NCL Online Division 5"]
[Site "online"]
[Date "2020.05.05"]
[Round "5.31"]
[White "Marshall, John R"]
[Black "Jackson, Edward"]
[Result "0-1"]
[WhiteElo "1652"]
[BlackElo "1712"]
[PlyCount "116"]
[EventDate "2020.05.05"]
[WhiteTeam "Temple Sutton"]
[BlackTeam "Manchester Juniors B"]

1. d4 Nf6 2. c4 e6 3. Nf3 d5 4. Nc3 Be7 5. cxd5 exd5 6. Bg5 O-O 7. e3 Bf5 8.
Qb3 Bc8 9. Bxf6 Bxf6 10. Qxd5 c6 11. Qxd8 Rxd8 12. Be2 Be6 13. O-O Nd7 14. Ne4
Be7 15. a3 h6 16. Rfc1 f5 17. Ned2 Nb6 18. Nc4 Nd5 19. Nce5 Bf6 20. Bc4 Kh7 21.
b4 g5 22. b5 Rac8 23. bxc6 bxc6 24. Rab1 Rc7 25. Bd3 g4 26. Ne1 Bxe5 27. dxe5
Nb6 28. Bb5 Rdc8 29. Ba6 Rd8 30. Nd3 Bd5 31. Nf4 Re7 32. e6 Be4 33. Rd1 Nd5 34.
Rb7 Rde8 35. Rxe7+ Rxe7 36. Bc8 Nxf4 37. exf4 Bd5 38. g3 Kg7 39. Rb1 Kf6 40.
Kf1 Bxe6 41. Bxe6 Rxe6 42. Rb7 Re7 43. Rxe7 Kxe7 44. Ke2 Kd6 45. f3 h5 46. fxg4
hxg4 47. Kd3 Kd5 48. a4 c5 49. a5 a6 50. Kc3 c4 51. Kd2 Kd4 52. Kc2 c3 53. Kc1
Kc4 54. Kc2 Kb4 55. Kb1 Kxa5 56. Kc2 Kb4 57. Kb1 Kb3 58. Kc1 c2 0-1

[Event "4NCL Online Division 5"]
[Site "online"]
[Date "2020.05.05"]
[Round "5.32"]
[White "Jayawarna, Tarini"]
[Black "Perks, Gary M"]
[Result "0-1"]
[WhiteElo "1520"]
[BlackElo "1577"]
[PlyCount "118"]
[EventDate "2020.05.05"]
[WhiteTeam "Manchester Juniors B"]
[BlackTeam "Temple Sutton"]

1. e4 d5 2. exd5 Qxd5 3. Nc3 Qd8 4. d4 Bf5 5. Nf3 e6 6. Bd3 Bg4 7. Be3 Nf6 8.
h3 Bh5 9. O-O c6 10. Be2 Bd6 11. Qd2 h6 12. Rad1 Nbd7 13. Rfe1 O-O 14. Nh2 Qc7
15. Ng4 Nxg4 16. hxg4 Bg6 17. g5 hxg5 18. Bxg5 f6 19. Bh4 Kf7 20. Bc4 Bf5 21.
Qe2 Rae8 22. Qh5+ Bg6 23. Qf3 Rh8 24. g3 Bh5 25. g4 Bg6 26. Bg3 Bxg3 27. fxg3
Nb6 28. Bb3 Nd5 29. Nxd5 cxd5 30. Rd2 Be4 31. Qf4 Rh1+ 32. Kf2 Qxf4+ 33. gxf4
Rh2+ 34. Ke3 Rh3+ 35. Ke2 Reh8 36. Kd1 Bf3+ 37. Kc1 Bxg4 38. c4 Bf3 39. cxd5
Rc8+ 40. Bc2 Bxd5 41. Kb1 Rf3 42. Bd1 Rxf4 43. Bh5+ g6 44. Bd1 Be4+ 45. Bc2
Bxc2+ 46. Rxc2 Rxc2 47. Kxc2 Rxd4 48. Kc3 e5 49. Rf1 g5 50. Rh1 Ke6 51. Rh7 Rd7
52. Rh6 Kf5 53. Rh2 Kg4 54. Rc2 e4 55. Kc4 Rc7+ 56. Kb3 Rxc2 57. Kxc2 Kf3 58.
Kd1 Kf2 59. Kd2 e3+ 0-1

[Event "4NCL Online Division 5"]
[Site "online"]
[Date "2020.05.05"]
[Round "5.33"]
[White "Audhora, Purba"]
[Black "Fairclough, William"]
[Result "1-0"]
[WhiteElo "1577"]
[BlackElo "1412"]
[PlyCount "63"]
[EventDate "2020.05.05"]
[WhiteTeam "Temple Sutton"]
[BlackTeam "Manchester Juniors B"]

1. e4 e5 2. Nf3 Nc6 3. Bc4 Nf6 4. d3 Bc5 5. Nc3 O-O 6. Bg5 d6 7. Nd5 Nd4 8.
Nxf6+ gxf6 9. Bh6 Re8 10. Nxd4 Bxd4 11. Qf3 Kh8 12. Bxf7 Bxb2 13. Rb1 Bc3+ 14.
Kf1 Rg8 15. Bxg8 Kxg8 16. Qg3+ Kf7 17. Qg7+ Ke6 18. Qxh7 b6 19. g3 Bb7 20. f4
d5 21. Qf5+ Kd6 22. fxe5+ Bxe5 23. Ke2 dxe4 24. Rbd1 Ke7 25. dxe4 Ba6+ 26. Kf3
Qc8 27. Qh7+ Ke6 28. Bf8 Qe8 29. Qf5+ Kf7 30. Ba3 Qb5 31. Qh7+ Ke6 32. Qe7# 1-0

[Event "4NCL Online Division 5"]
[Site "online"]
[Date "2020.05.05"]
[Round "5.34"]
[White "Jayawarna, Thisumi"]
[Black "Pool, Melvin R"]
[Result "1-0"]
[WhiteElo "1316"]
[BlackElo "1585"]
[PlyCount "111"]
[EventDate "2020.05.05"]
[WhiteTeam "Manchester Juniors B"]
[BlackTeam "Temple Sutton"]

1. e4 e5 2. Nf3 Nc6 3. Bc4 Be7 4. c3 Nf6 5. d3 O-O 6. O-O d5 7. exd5 Nxd5 8.
Re1 Nb6 9. Bb3 Bg4 10. h3 Bh5 11. Bc2 Bd6 12. Nbd2 Re8 13. Ne4 Qd7 14. Nxd6
cxd6 15. Bd2 d5 16. Re3 d4 17. cxd4 Nxd4 18. Bb3 Nxf3+ 19. Rxf3 Bxf3 20. Qxf3
e4 21. dxe4 Qxd2 22. Bxf7+ Kh8 23. Bxe8 Rxe8 24. Rd1 Qxb2 25. Qf7 Rg8 26. Re1
Qd2 27. Kf1 Qd3+ 28. Kg1 Qd7 29. Qf3 Qe7 30. e5 Rf8 31. Qd3 Qf7 32. Qe2 Qe6 33.
Rd1 Re8 34. f4 h6 35. Qb2 Nc4 36. Qxb7 Qb6+ 37. Qxb6 axb6 38. Rc1 Rc8 39. Kf2
Kg8 40. Ke2 Kf7 41. Rc3 Ke6 42. Rg3 Rc7 43. Rd3 Rd7 44. Rxd7 Kxd7 45. Kd3 Na5
46. Kc3 Ke6 47. Kb4 Nc6+ 48. Kb5 Nd4+ 49. Kxb6 Ne2 50. g3 Nxg3 51. a4 Nf5 52.
a5 Kd7 53. Kb7 Ne7 54. a6 Nc6 55. e6+ Kd6 56. e7 1-0

[Event "4NCL Online Division 5"]
[Site "online"]
[Date "2020.05.05"]
[Round "5.41"]
[White "Pincheira Sarmiento, Bernardo"]
[Black "Moore, Eoin"]
[Result "1-0"]
[WhiteElo "1795"]
[BlackElo "1558"]
[PlyCount "93"]
[EventDate "2020.05.05"]
[WhiteTeam "Nottingham University 2"]
[BlackTeam "Kent KJCA Kestrels D"]

1. d4 Nf6 2. c4 g6 3. Nf3 Bg7 4. Nc3 d5 5. cxd5 Nxd5 6. e4 Nxc3 7. bxc3 c5 8.
Rb1 Nc6 9. Be3 cxd4 10. cxd4 O-O 11. Be2 Qa5+ 12. Qd2 Qxd2+ 13. Kxd2 b6 14.
Rhc1 Bd7 15. d5 Ne5 16. Nxe5 Bxe5 17. f4 Bd6 18. e5 Ba3 19. Rc3 Bf5 20. Bd3
Bxd3 21. Kxd3 Bc5 22. Bxc5 bxc5 23. Rxc5 Rfd8 24. Rb7 Kf8 25. Kc4 Rdc8 26. Rcc7
f6 27. a4 g5 28. g3 gxf4 29. gxf4 Ke8 30. Kd4 Rxc7 31. Rxc7 Rb8 32. exf6 exf6
33. Rxa7 Rb4+ 34. Ke3 f5 35. a5 Rb3+ 36. Kd4 Rh3 37. Ke5 Rxh2 38. Kxf5 h5 39.
a6 h4 40. Kg4 Rd2 41. Kxh4 Rxd5 42. Kg4 Ra5 43. f5 Kf8 44. Kg5 Rb5 45. Rb7 Ra5
46. a7 Kg8 47. Rb8+ 1-0